| 000 | 00399nam a2200133Ia 4500 | ||
|---|---|---|---|
| 008 | 210430s9999 xx 000 0 und d | ||
| 020 | _a0-8412-3670-4 | ||
| 082 | _a660.2804 A3165 H | ||
| 100 |
_aEdited by Robert J.Alamio _9127213 |
||
| 245 |
_aHandbook of Chemical Health and Safety / _cRobert J.Alamio |
||
| 260 |
_aAmerica _bAmerican Chemical Society _c2001 |
||
| 300 | _a652p | ||
| 942 |
_cBK _2ddc |
||
| 999 |
_c562275 _d562275 |
||